| 000 | 00812nam a2200229 a 4500 | ||
|---|---|---|---|
| 001 | 47869 | ||
| 003 | BD-RjUL | ||
| 005 | 20211209054417.0 | ||
| 008 | 160810s2000 ii a|||| |||| 00| 0 ben d | ||
| 020 |
_a8187360240 _c: Tk. 30.00 |
||
| 035 | _a(BD-RjUL)47988 | ||
| 040 |
_aBD-RjUL _bben _cBD-RjUL |
||
| 041 | _aben | ||
| 082 |
_223 _a793.31 _bMUR 2000 |
||
| 100 |
_aমুখোপাধ্যায়, আদিত্য _9145294 |
||
| 245 | 1 | 0 |
_aরণনৃত্য / _cআদিত্য মুখোপাধ্যায় |
| 260 |
_aকলকাতা : _bপশ্চিমবঙ্গ সরকার _c২০০০ |
||
| 300 |
_a[১০], ৬০ পৃ. : _bচিত্র ; _c১৫ সেমি. |
||
| 650 |
_aলোকনৃত্য _9145295 |
||
| 650 |
_aFolk Dancing _9145296 |
||
| 942 |
_2ddc _cBK |
||
| 999 |
_c47869 _d47869 |
||